LEADER 00945nam0-22003251i-450- 001 990001124470403321 010 $a90-277-1355-3 035 $a000112447 035 $aFED01000112447 035 $a(Aleph)000112447FED01 035 $a000112447 100 $a20000920d1984----km-y0itay50------ba 101 0 $aeng 200 1 $aFundamentals of general topology$eProblems and exercises$fby A. V. Arkhangelskii, V. I. Ponomarev. 210 $aDordrecht (NL)$cReidel$dc1 984. 215 $axiii, 415 p.$d24 cm 225 1 $aMathematics and its applications$v13 610 0 $aTopologia$aEsercizi 676 $a514.076 700 1$aArkhangelskii,$bA.V.$0348312 702 1$aPonomarev,$bV.I. 801 0$aIT$bUNINA$gRICA$2UNIMARC 901 $aBK 912 $a990001124470403321 952 $aC-55-(13$b1573$fMA1 959 $aMA1 962 $a00A07 996 $aFundamentals of general topology$9345129 997 $aUNINA DB $aING01